00431nam a22001337a 4500020001900000082001700019100002100036245010400057260004200161300001900203490002600222650002900248700002000277 a9780521739177  a428.0076 JAK aJakeman, Vanessa aCambridge IELTS 7 with answers : examination papers from university of cambridge esol examinations  aUKbCambridge University Press,c2009 a176 p.eCD-ROM aIelts practice tests. aExamination Papers IELTS aMcDowell, Clare